Tribunales militares y graves violaciones de derechos humanos

Bibliographic Details
Main Author: Andreu-Guzmǹ, Federico
Format: eBook
Language:Spanish
Published: Bogot:̀ Comisin̤ Colombiana de Juristas, 2011
Subjects:
Online Access:Acceso restringido

MARC

LEADER 00000nam a22000007a 4500
005 20200306221131.0
007 cr|||| ||||
008 200306s2011 co |||||s|||| 00||0 spa d
020 |a 978-958-9348-52-9 
035 |a 31176 
040 |a vLex 
090 |c 10205  |d 10205 
100 1 |a Andreu-Guzmǹ, Federico 
245 1 0 |a Tribunales militares y graves violaciones de derechos humanos  |h [Recurso electrn̤ico] /  |c Federico Andreu-Guzmǹ 
256 |a Servicio en ln̕ea 
260 |a Bogot:̀  |b Comisin̤ Colombiana de Juristas,  |c 2011 
300 |a 1 recurso electrn̤ico 
506 1 |a Disponible solo en los productos indicados  |d vLex Global  |d vLex Global (Academic Edition, excluding Law Schools)  |d vLex Global (U.S. Academic Edition, Law Schools)  |d vLex Global (U.S. Academic Edition, excluding Law Schools)  |d vLex Global (Academic Edition, Law Schools) 
650 0 4 |a Derecho Internacional  |z Colombia 
740 0 |a vLex Libros (Servicio en ln̕ea) 
856 4 0 |u http://vlex.com/source/tribunales-militares-graves-violaciones-derechos-humanos-31176  |z Acceso restringido 
942 |c BOOK 
999 0 |a International Law